|
|
|
|
| LEADER |
00000cam a22000004a 4500 |
| 001 |
musev2_99049 |
| 003 |
MdBmJHUP |
| 005 |
20230905053404.0 |
| 006 |
m o d |
| 007 |
cr||||||||nn|n |
| 008 |
200201t20202020inu o 00 0 eng d |
| 020 |
|
|
|a 9780268108441
|
| 020 |
|
|
|z 9780268108410
|
| 020 |
|
|
|z 9780268108434
|
| 035 |
|
|
|a (OCoLC)1225257215
|
| 040 |
|
|
|a MdBmJHUP
|c MdBmJHUP
|
| 100 |
1 |
|
|a Samway, Patrick H.,
|e auteur.
|
| 245 |
1 |
0 |
|a John Berryman and Robert Giroux :
|b A Publishing Friendship /
|c Patrick Samway, S.J.
|
| 264 |
|
1 |
|a Notre Dame, Indiana :
|b University of Notre Dame Press,
|c [2020]
|
| 264 |
|
3 |
|a Baltimore, Md. :
|b Project MUSE,
|c 2022
|
| 264 |
|
4 |
|c ©[2020]
|
| 300 |
|
|
|a 1 online resource.
|
| 336 |
|
|
|a text
|b txt
|2 rdacontent
|
| 337 |
|
|
|a computer
|b c
|2 rdamedia
|
| 338 |
|
|
|a online resource
|b cr
|2 rdacarrier
|
| 588 |
|
|
|a Description based on print version record.
|
| 600 |
1 |
7 |
|a Giroux, Robert.
|2 fast
|0 (OCoLC)fst00086046
|
| 600 |
1 |
7 |
|a Berryman, John,
|d 1914-1972.
|2 fast
|0 (OCoLC)fst00046971
|
| 600 |
1 |
0 |
|a Giroux, Robert.
|
| 600 |
1 |
0 |
|a Berryman, John,
|d 1914-1972.
|
| 650 |
|
7 |
|a Poets, American.
|2 fast
|0 (OCoLC)fst01067794
|
| 650 |
|
7 |
|a Book editors.
|2 fast
|0 (OCoLC)fst00836170
|
| 650 |
|
7 |
|a Authors and publishers.
|2 fast
|0 (OCoLC)fst00821733
|
| 650 |
|
6 |
|a Écrivains et editeurs.
|
| 650 |
|
6 |
|a Poets, American
|y 20th century
|v Biography.
|
| 650 |
|
6 |
|a Book editors
|z United States
|v Biography.
|
| 650 |
|
6 |
|a Authors and publishers
|z United States.
|
| 650 |
|
0 |
|a Poets, American
|y 20th century
|v Biography.
|
| 650 |
|
0 |
|a Book editors
|z United States
|v Biography.
|
| 650 |
|
0 |
|a Authors and publishers
|z United States.
|
| 650 |
|
0 |
|a Authors and publishers.
|
| 651 |
|
7 |
|a United States.
|2 fast
|0 (OCoLC)fst01204155
|
| 655 |
|
7 |
|a Livres numeriques.
|2 rvmgf
|
| 655 |
|
7 |
|a Biographies.
|2 fast
|0 (OCoLC)fst01919896
|
| 655 |
|
7 |
|a Electronic books.
|2 local
|
| 710 |
2 |
|
|a Project Muse.
|e distributor
|
| 830 |
|
0 |
|a Book collections on Project MUSE.
|
| 856 |
4 |
0 |
|z Texto completo
|u https://projectmuse.uam.elogim.com/book/99049/
|
| 945 |
|
|
|a Project MUSE - Custom Collection
|